000 00833nam a22002777a 4500
001 00045203
003 DO-SdBNP
005 20230516095850.0
007 00045203
008 160622b 1982 sp | 00| 0 spa d
020 _a8475200575
040 _aBPMSU
_bspa
_cBPMSU
082 4 _a867.3
_bQ5o 1982
_222
100 1 _aQuevedo, Francisco de,
_d1580-1645.
245 1 0 _aObras jocosas /
_cFrancisco de Quevedo ; prólogo Isabel Guillén Pardo.
250 _a2ª ed.
260 _aMadrid :
_bEdiciones Busma,
_c1982.
300 _a174, [10] p. ;
_c19 cm.
490 0 _aPoesía y prosa popular,
_v38
590 _6Inventariado, 2023/VM
650 4 _aSátira española
650 4 _aHumorismo español
700 1 _aGuillén Pardo, Isabel,
_epról.
910 _aLOPEREZ/ VMateo V. Control de calidad (BPMSU)
942 _2ddc
_cBK
999 _c10496
_d10496